Pohodové vnútorné prostredie budov : tepelná pohoda, denné osvetlenie a preslnenie, kvalita vnútorného vzduchu

Salvato in:
Dettagli Bibliografici
Autore principale: Hraška, Jozef, 1953- (Autore)
Altri autori: Chmúrny, Ivan, 1950- (Revisore), Krajčík, Michal, 1984- (Revisore), Šabíková, Jana, 1967- (Revisore)
Natura: Libro
Lingua:slovacco
Pubblicazione: Brno : Tribun EU, 2017
Edizione:1. vyd.
Soggetti:
Tags: Aggiungi Tag
Nessun Tag, puoi essere il primo ad aggiungerne!!

MARC

LEADER 00000nam a22000003a 4500
001 0028245
003 SK-STU
005 20220225112228.3
007 ta
008 171128s ----xo-----e------000-0-----d
020 |a 978-80-263-1349-6 
040 |a STU  |b slo 
041 0 |a slo  |h slo 
044 |a xr 
100 1 |a Hraška, Jozef,  |d 1953-  |u 010180  |9 100  |r Z1  |4 aut  |U SvF Stavebná fakulta  |T SvF Katedra konštrukcií pozemných stavieb  |X 899  |U V180  |Y 18  |7 A000000899 
242 0 1 |a Comfort Indoor Environment in Buildings :  |b Thermal Comfort, Daylighting and Sunlight, Indoor Air Quality 
245 1 0 |a Pohodové vnútorné prostredie budov :  |b tepelná pohoda, denné osvetlenie a preslnenie, kvalita vnútorného vzduchu 
250 |a 1. vyd. 
260 |a Brno :  |b Tribun EU,  |c 2017 
300 |a 76 s. 
650 0 7 |a denné osvetlenie 
650 0 7 |a preslnenie 
650 0 7 |a tepelná pohoda 
650 0 7 |a kvalita vnútorného vzduchu 
700 1 |a Chmúrny, Ivan,  |d 1950-  |u 010180  |r Z1  |4 rev  |U SvF Stavebná fakulta  |T SvF Katedra konštrukcií pozemných stavieb  |X 865  |U V180  |Y 18  |7 A000000865 
700 1 |a Krajčík, Michal,  |d 1984-  |u 010290  |r Z1  |4 rev  |U SvF Stavebná fakulta  |T SvF Katedra technických zariadení budov  |X 20318  |U V290  |Y 31  |7 A000020318 
700 1 |a Šabíková, Jana,  |d 1967-  |u 010290  |r Z8  |4 rev  |U SvF Stavebná fakulta  |T SvF Katedra technických zariadení budov  |X 653  |U V290  |Y 31  |7 A000000653 
996 |c V* 52726/O-23883  |l VV8  |s P  |a 0  |w 0028245_0001 
996 |b 284V040838  |c V* 52727/O-23884  |l VVT  |s A  |a 24  |w 0028245_0002 
996 |b 284V040839  |c V* 52728/O-23885  |l VVS  |s A  |a 24  |w 0028245_0003 
996 |b 284V040840  |c V* 52729/O-23886  |l VVS  |s A  |a 24  |w 0028245_0004